| 000 | 00635nam a2200229Ia 4500 | ||
|---|---|---|---|
| 008 | 170203s9999 xx 000 0 und d | ||
| 020 | _a0-59040024x | ||
| 050 | _aFic | ||
| 050 | _b.C689m 1996 | ||
| 100 | _aCole, Joanna | ||
| 245 | 4 | _aThe Magic school bus gets ants in its pants : | |
| 245 | _ba book about ants / | ||
| 245 | _cTV tie-in book adaptation by Linda Ward Beech and illustrated by John Speirs | ||
| 260 | _aNew York : | ||
| 260 | _bScholastic Inc. | ||
| 260 | _c1996 | ||
| 300 | _bcol. ill. ; | ||
| 300 | _c21 cm. | ||
| 440 | _aMagic School Bus. | ||
| 650 | _aAnts -- | ||
| 650 | _xJuvenile literature. | ||
| 999 |
_c306223 _d306223 |
||